000 00512nam a2200169 i 4500
001 40091
003 ES-MaACL
005 20230906160136.0
007 t|
008 030305s1963 sp ||||1| spa d
100 1 _aCanyameres, Ferran.
_9181837
245 1 0 _aJosé Oller y su época
_b: el hombre del Moulin Rouge /
_cFerran Canyameres.
260 _aBarcelona, etc. :
_bPlaza y Janés,
_c[1963]
300 _a360 p., 11 lám. :
_bil. ;
_c21 cm.
852 _aES-MaACL
_jC-23875
_bR.52474
999 _c40091
_d40091